000 00559nam a2200217Ia 4500
003 OSt
005 20220928141312.0
006 a|||||r|||| 00| 0
007 ta
008 220927b |||||||| |||| 00| 0 eng d
024 _a14366
037 _cTextual
040 _aSDCL
_cSDCL
_beng
041 _2eng
_aeng
082 _aO-91N48,1:g, N4
100 _aRamaswamy S
_9402951
245 0 _aCommentaries on commonwealth poetry and drama.
260 _c1994
942 _hO-91N48,1:g, N4
_cTEXL
_2CC
999 _c816775
_d816775